Citroën Car Models Worldwide 2024-25 - Statistics

General Stats
  • This quiz has been taken 313 times
    83 since last reset
  • The average score is 15 of 27
Answer Stats
Hint Answer % Correct
Subcompact Hatchback C3
96%
Subcompact Hatchback EV e-C3
96%
Subcompact Crossover EV e-C3 Aircross
96%
Compact Hatchback C4
94%
Compact Hatchback C4X
94%
Midsize Sedan C5
94%
Midsize Hatchback C5X
94%
Compact Hatchback EV e-C4
94%
Compact Hatchback EV e-C4X
94%
Fullsize Sedan C6
89%
Heavy Quadricycle EV Ami
66%
Compact MPV Berlingo
62%
Commerical Van Berlingo Cargo
62%
Commercial Van Dispatch/Jumpy
45%
Commercial Van EV e-Dispatch/e-Jumpy
45%
Commercial Van EV e-Relay/e-Jumper
40%
Commercial Van Relay/Jumper
40%
Subcompact Crossover C3 Aircross
34%
Compact Crossover C5 Aircross
34%
Compact Crossover PHEV C5 Aircross PHEV
34%
Subcompact Crossover C4 Aircross
28%
Compact Sedan C-Elysée
26%
Subcompact Coupe Crossover Basalt
19%
Compact MPV EV e-SpaceTourer
19%
Camper Van Holidays
19%
Compact MPV SpaceTourer
19%
Subcompact Hatchback C3 Origin
4%
No matching quizzes found
Score Distribution
Percent of People with Each Score
Percentile by Number Answered
Your Score History
You have not taken this quiz since the last reset